| 000 | 00733nam a22002657a 4500 | ||
|---|---|---|---|
| 003 | CHAP | ||
| 005 | 20220329140703.0 | ||
| 008 | 971013s r 00010 d | ||
| 010 | _a56042 | ||
| 011 | _a57014 | ||
| 035 | _a61167 | ||
| 040 | _cCHAP | ||
| 090 | _aFolleto 7635 | ||
| 110 |
_aShell de México, S.A. _9105603 |
||
| 245 | _aAldrín para combatir insectos en el suelo | ||
| 260 |
_aMéxico, D.F. : _b(s.e.), _c(s.a.) |
||
| 300 | _a11 h. | ||
| 590 |
_aBATCH-UPD _b10 _c20130110 _lUCH01 _h1631 |
||
| 590 |
_aCONVERSION _b10 _c20130109 _lUCH01 _h1330 |
||
| 650 | 1 | 4 |
_aInsecticidas. _958855 |
| 650 | 1 | 4 |
_aSuelos _xFauna. _9110365 |
| 901 | _aBK | ||
| 942 | _cFOLL | ||
| 949 |
_aFolleto 7635 _bBC _cFOLL _d-131481 _eTS1 _i61167 _si |
||
| 999 |
_c56042 _d56042 |
||